| 000 -ლიდერი |
| ფიქსირებული სიგრძის საკონტროლო ველი |
01571nam a2200277Ia 4500 |
| 001 - საკონტროლო ნომერი |
| საკონტროლო ველი |
105 |
| 003 - საკონტროლო ნომრის იდენტიფიკატორი |
| საკონტროლო ველი |
GE_BSU |
| 005 - ბოლო ოპერაციის თარიღი და დრო |
| საკონტროლო ველი |
20220825144230.0 |
| 008 - ფიქსირებული სიგრძის მონაცემთა ელემენტები - ზოგადი ინფორმაცია |
| ფიქსირებული სიგრძის საკონტროლო ველი |
181216s2008||||ge |||||||||||||| ||geo|| |
| 020 ## - წიგნის საერთაშორისო სტანდარტული ნომერი |
| International Standard Book Number |
9789941007446 |
| 040 ## - კატალოგიზაციის წყარო |
| Transcribing agency |
GE_BSU |
| 041 ## - ენის კოდი |
| Language code of text/sound track or separate title |
geo |
| 080 ## - უნივერსალური ათობითი კლასიფიკაციის ინდექსი |
| Universal Decimal Classification number |
633/635(075.8) ს–21 |
| 100 ## - მთავარი ჩანაწერი - პიროვნების სახელი |
| Personal name |
სამადაშვილი, ცოტნე |
| 9 (RLIN) |
6613 |
| 245 ## - ცნობა სათაურის შესახებ |
| Title |
კულტურულ მცენარეთა სელექცია და მეთესლეობა : |
| Remainder of title |
[სახელმძღვანელო სტუდენტებისათვის] / |
| Statement of responsibility, etc |
ცოტნე სამადაშვილი, გიორგი კაპატაძე ; [რედ. ივანე ზედგინიძე]. |
| 264 ## - წარმოების, გამოცემის, დისტრიბუციის და სხვა ცნობები |
| გამოცემის, წარმოების, დისტრიბუციის... ადგილი |
თბილისი : |
| გამოცემის, წარმოების, დისტრიბუციის... სახელწოდება |
შპს ”პოლიგრაფისტი” |
| გამოცემის, წარმოების, დისტრიბუციის... თარიღი |
2008. |
| 300 ## - ფიზიკური აღწერა |
| Extent |
267 გვ. |
| Other physical details |
20 სმ. |
| 501 ## - შენიშვნა თანმხლებ მასალაზე |
| With note |
ლექსიკონი: გვ. 253-260. |
| 504 ## - BIBLIOGRAPHY, ETC. NOTE |
| Bibliography, etc |
ბიბლიოგრ.: გვ. 261-262. |
| 653 ## - INDEX TERM--UNCONTROLLED |
| Uncontrolled term |
ბოსტნეული კულტურების სელექცია-მეთესლეობა |
| 653 ## - INDEX TERM--UNCONTROLLED |
| Uncontrolled term |
ხეხილოვანი კულტურების სელექცია-მეთესლეობა |
| 700 ## - ADDED ENTRY--PERSONAL NAME |
| Personal name |
კაპატაძე, გიორგი. |
| Relator term |
ავტორი |
| 9 (RLIN) |
6612 |
| 700 ## - ADDED ENTRY--PERSONAL NAME |
| Personal name |
ზედგინიძე, ივანე |
| 9 (RLIN) |
14553 |
| 856 ## - ELECTRONIC LOCATION AND ACCESS |
| Uniform Resource Identifier |
https://dspace.nplg.gov.ge/bitstream/1234/6503/1/Kulturul%20_Mcenareta_%20Seleqcia-Metesleoba.pdf |
| 942 ## - ADDED ENTRY ELEMENTS (KOHA) |
| Koha item type |
წიგნი |
| Source of classification or shelving scheme |
|